[Event "US-ch Women 2018"]
[Site "Saint Louis"]
[Date "2018.04.20"]
[Round "3"]
[White "Sharevich, Anna"]
[Black "Krush, Irina"]
[Result "1-0"]
[WhiteElo "2281"]
[BlackElo "2422"]
[Annotator "TA"]
[PlyCount "83"]
[EventDate "2018.??.??"]
[EventType "tourn"]
[EventCountry "USA"]
[SourceTitle "playchess.com"]
[Source "ChessBase"]
[SourceQuality "1"]

{[%evp 13,82,56,24,33,58,29,43,13,25,6,-5,0,14,16,18,17,14,-27,-18,-8,9,23,25,17,17,27,27,28,42,33,44,49,46,53,47,50,39,51,50,50,63,58,64,70,112,77,154,141,326,123,566,581,524,510,648,641,959,1069,1055,1016,29980,29981,29981,29980,29995,5397,29997,29998,29998,29999,29999]} 1. d4 Nf6 2. Nf3 e6 3. Bf4 b6 4. e3 Bb7 5. Nbd2 {[%cal Bb1d2,Bd2c4,Bc4e5][%mdl 32]} c5 6. Nc4 d5 {A47: 1 d4 Nf6 2 Nf3 b6: Torre, London and Colle Systems} 7. Nce5 Bd6 $1 {LiveBook: 3 Games} 8. Bb5+ Ke7 {White is slightly better.} 9. c3 (9. Ng5 Rf8 10. O-O a6 11. Be2 h6 12. Ngf3 Nc6 13. dxc5 bxc5 14. c4 Nxe5 15. Bxe5 Bxe5 16. Nxe5 {½-½ (57) Nguyen,N (2630)-Socko,B (2593) Riadh 2017}) 9... Qc7 10. Ng5 Rf8 $1 11. Qc2 $146 ({Predecessor:} 11. O-O h6 12. Ngf3 a6 13. Bd3 Nbd7 14. Qe2 Rfe8 15. Nxd7 Nxd7 {½-½ (15) Karlik,V (2332)-Zpevak,P (2433) Moravia 2002}) 11... h6 12. Ngf3 c4 13. Qe2 Nc6 14. Bxc6 Bxc6 15. g4 Be8 16. Nd2 Ng8 17. Bg3 $1 f6 18. Nef3 Bg6 19. e4 {exd5 is the strong threat.} Bxg3 20. hxg3 {aiming for exd5.} Kf7 21. Nh4 Bxe4 22. Nxe4 dxe4 23. Qxe4 {Strongly threatening Qg6+.} Ne7 24. O-O Qc6 25. Qe2 b5 26. Rae1 Nd5 27. Qe4 Ne7 28. Qc2 Rfd8 29. Re3 Rd6 (29... Nd5 $142) 30. Rfe1 Nd5 $2 {[#]} (30... Kg8 $16 {was necessary.}) 31. R3e2 $2 (31. Qg6+ $1 $18 Kf8 32. R3e2) 31... a5 $2 {[%mdl 8192]} (31... Kg8 $16 {is tougher.}) 32. Qg6+ $18 Kf8 33. f4 Ne7 34. Qh7 Re8 {[#]} 35. g5 $1 {[%mdl 512]} hxg5 (35... fxg5 36. fxg5) 36. fxg5 Qd5 37. gxf6 gxf6 {[#]} 38. Re5 $1 {[%mdl 512]} Qc6 {[#]} (38... fxe5 39. Rf1+) 39. Rh5 (39. Rg5 $142 $1 {[%mdl 512]} Qg2+ (39... fxg5 40. Rf1+) 40. Kxg2 Rb8 41. Qh8+ Ng8 42. Rxg8+ Kf7 43. Qh7#) 39... Rd5 40. Qh8+ {White mates.} Ng8 41. Ng6+ Kf7 42. Qh7# {Precision: White = 59%, Black = 34%.} 1-0

[Event "US-ch Women 2018"]
[Site "Saint Louis"]
[Date "2018.04.20"]
[Round "3"]
[White "Gorti, Akshita"]
[Black "Zatonskih, Anna"]
[Result "1/2-1/2"]
[WhiteElo "2252"]
[BlackElo "2444"]
[Annotator "TA"]
[PlyCount "134"]
[EventDate "2018.??.??"]
[EventType "tourn"]
[EventCountry "USA"]
[SourceTitle "playchess.com"]
[Source "ChessBase"]
[SourceQuality "1"]

{[%evp 19,134,0,15,-12,27,-13,0,0,0,0,0,0,9,0,0,0,14,13,8,16,17,-14,25,27,22,5,24,0,0,0,0,-15,16,25,15,0,0,0,0,0,0,0,0,0,0,0,0,0,0,0,0,0,0,0,0,0,0,0,0,-13,0,0,0,0,0,0,0,0,0,0,0,0,0,-10,0,0,0,0,0,0,0,0,0,0,0,0,0,0,0,-28,0,0,0,-16,0,-8,0,0,0,0,0,0,0,0,0,0,0,0,0,0,0,-16,0,0,0,0,0]} 1. Nf3 d5 2. e3 Nf6 3. c4 e6 4. b3 c5 5. Bb2 Nc6 6. cxd5 exd5 7. Bb5 Bd6 8. O-O O-O {A13: English Opening: 1...e6} 9. d4 cxd4 10. Nxd4 Bc7 {LiveBook: 3 Games} 11. Nd2 Qd6 $146 {[%csl Gc7][%cal Rd6h2] [#]} (11... Nxd4 {keeps more tension.} 12. Bxd4 Qd6 13. g3 Bf5 14. Nf3 a6) ({Predecessor:} 11... Nxd4 12. Bxd4 Qd6 13. g3 Bh3 14. Re1 Rac8 15. Bf1 Bg4 16. Be2 {½-½ (55) Eljanov,P (2755)-Wei,Y (2706) Wijk aan Zee 2017}) 12. g3 (12. N2f3 {is interesting.} Bg4 13. Bxc6 bxc6 14. Qc2 Bxf3 15. Nxf3 Rac8 16. g3) 12... Bh3 13. Re1 Bb6 14. Nxc6 bxc6 15. Bd3 h6 16. Qc2 Rfe8 17. Rac1 Rac8 18. Bf5 Bxf5 19. Qxf5 Qe6 20. Qd3 Ng4 21. b4 f6 22. Bd4 Ne5 23. Qf1 Qg4 24. f4 Nf7 25. Qd3 Nd6 (25... Bxd4 {looks sharper.} 26. Qxd4 h5 27. e4 h4 28. Qd3 hxg3 29. hxg3 g5) 26. Bxb6 axb6 27. e4 Nxe4 28. Nxe4 dxe4 29. Rxe4 Rxe4 30. Qxe4 $11 {[%mdl 4096] Endgame KQR-KQR} Qd7 31. Re1 c5 32. bxc5 bxc5 33. Qc4+ Kh8 34. a4 Qa7 35. Rc1 Qa5 36. Rc2 Rd8 37. Rc1 Rd4 38. Qe6 Rd8 39. Qc6 Rb8 40. Qxc5 Qxa4 41. Re1 Qa8 {[#] ...Rb2 is the strong threat.} 42. Qe3 Rc8 43. Qe7 Qa5 44. Qe3 Rc3 45. Qf2 Kh7 46. Rd1 f5 47. Qd4 Rc2 48. Qd5 Qa7+ 49. Kh1 Rc5 50. Qd4 Qb7+ 51. Kg1 Rc2 {[%csl Gc2][%cal Rb7g2]} 52. Qd5 $1 {[%cal Rd5b7]} Qb6+ 53. Qd4 Qe6 54. Qd3 Re2 55. Rb1 {The position is equal.} Re3 (55... Kg6 {with more complications.} 56. Rb3 h5 57. Qf3 Rc2 58. Qe3 Qd7) 56. Qd4 Re2 {( -> ...Qa2)} 57. Qd3 Re4 58. Rb5 Qa2 59. Rb1 Qa7+ 60. Kh1 Qa8 {[%cal Re4e1]} 61. Kg1 Qc6 62. Qb5 Qe6 63. Qd3 h5 64. Qf3 Kh6 65. Qf2 {Black must now prevent Rb6.} g6 66. Qb2 {[%cal Rb2h8]} Re1+ 67. Rxe1 Qxe1+ {Precision: White = 61%, Black = 58%.} 1/2-1/2

[Event "US-ch Women 2018"]
[Site "Saint Louis"]
[Date "2018.04.21"]
[Round "4"]
[White "Zatonskih, Anna"]
[Black "Derakhshani, Dorsa"]
[Result "1-0"]
[WhiteElo "2444"]
[BlackElo "2306"]
[Annotator "TA"]
[PlyCount "109"]
[EventDate "2018.??.??"]
[EventType "tourn"]
[EventCountry "USA"]
[SourceTitle "playchess.com"]
[Source "ChessBase"]
[SourceQuality "1"]

{[%evp 16,109,8,9,10,42,43,34,39,48,41,40,75,64,64,62,111,85,106,118,127,114,139,135,179,179,190,93,249,136,175,204,220,210,254,252,252,249,252,221,218,247,237,235,274,183,379,368,357,322,368,285,277,224,228,216,216,161,319,321,290,0,239,0,272,85,93,93,119,118,119,119,174,150,169,152,176,170,170,161,166,166,207,206,360,345,391,381,461,479,461,461,445,476,685,608]} 1. d4 Nf6 2. c4 g6 3. Nc3 d5 4. e3 Bg7 5. Nf3 O-O 6. Bd2 c5 7. dxc5 Na6 8. cxd5 Nxd5 9. Bxa6 {LiveBook: 3 Games. aiming for Be2. D94: Grünfeld: 4 Nf3 Bg7 5 e3} bxa6 10. Na4 a5 11. O-O {White is slightly better.} Ba6 12. Re1 Qc7 $146 ({Predecessor:} 12... Nb4 13. Bc3 Bxc3 14. Nxc3 Qc7 15. Nd5 Qxc5 16. Nxb4 Qxb4 {½-½ (42) Ilinsky,V-Dvoirys,S (2485) Barnaul (Russia) 1984}) 13. a3 Bb5 14. Rc1 Rfd8 15. Qc2 e5 16. b3 Rac8 17. Nb2 {[%cal Ba4b2,Bb2c4,Bc4d6][%mdl 32]} Ne7 18. e4 Nc6 19. Nc4 Bf8 20. Bg5 Rd7 21. Qb2 (21. Ne3 $1 $18) 21... Nd4 $2 {[#]} (21... Bxc4 $16 22. Rxc4 Bg7) 22. Nxd4 (22. Nfxe5 Bg7 $14) (22. Nd6 $1 $18 Nxf3+ 23. gxf3) 22... Rxd4 23. Nd6 Rb8 24. Be3 Bxd6 25. cxd6 Qxd6 26. Bxd4 exd4 27. Qd2 d3 28. a4 Ba6 29. Rc3 Qd4 30. h3 Re8 $2 (30... Rb6 31. Kh1 Qb4) 31. Rc6 $18 Bb7 32. Rc4 Qd6 33. Re3 Rd8 34. Rc3 Ba6 35. Rc1 Qa3 36. Rc6 Bb7 $2 (36... Qb4 {keeps fighting.} 37. Qxb4 axb4) 37. Rc3 ({Much less strong is} 37. Qxa5 $6 Rd4 $18) 37... Ba6 38. Rc6 Bb7 39. Rc3 Ba6 40. Rexd3 $2 (40. e5 $18) 40... Bxd3 41. Rxd3 {[%mdl 4096] Endgame KQR-KQR} Qa1+ 42. Kh2 Qe5+ 43. g3 Re8 (43... Rxd3 $16 {was necessary.} 44. Qxd3 h5) 44. Rd4 h5 45. h4 Kg7 46. Qe3 Qc5 47. Kg2 Rb8 {[#]} 48. Rd3 $1 Qe5 49. Rd5 Qe6 $2 (49... Qb2 50. Qxa7 Rxb3) 50. Qd4+ Kh7 51. Rxa5 Rxb3 {intending ...Qg4.} 52. Rxa7 {And now Ra8 would win.White is clearly winning.} Rb8 53. a5 {[%cal Ba4a5,Ba5a6][%mdl 32]} Re8 54. Rd7 Kh6 (54... Qxe4+ $142 55. Qxe4 Rxe4 56. Rxf7+ Kh6) 55. a6 {Precision: White = 68%, Black = 44%.} 1-0

[Event "US-ch Women 2018"]
[Site "Saint Louis"]
[Date "2018.04.21"]
[Round "4"]
[White "Abrahamyan, Tatev"]
[Black "Goletiani, Rusudan"]
[Result "1-0"]
[WhiteElo "2366"]
[BlackElo "2306"]
[Annotator "TA"]
[PlyCount "59"]
[EventDate "2018.??.??"]
[EventType "tourn"]
[EventCountry "USA"]
[SourceTitle "playchess.com"]
[Source "ChessBase"]
[SourceQuality "1"]

{[%evp 18,59,56,39,67,0,2,0,0,-26,3,0,66,85,75,106,105,108,131,142,234,243,341,322,290,204,482,468,577,499,486,450,444,465,702,691,2308,2299,2284,2280,2231,2103,1833,1781]} 1. e4 c5 2. Nf3 e6 3. d4 cxd4 4. Nxd4 a6 5. Nc3 b5 6. Bd3 Qb6 7. Nf3 Nc6 8. O-O Qb8 9. e5 {B43: Sicilian: Kan Variation: 5 Nc3} (9. Bg5 Nge7 10. a4 b4 11. Ne2 Ng6 12. Ned4 Nxd4 13. Nxd4 Bd6 14. Qh5 Nf4 15. Bxf4 Bxf4 16. Nf3 O-O {1-0 (53) Ponomariov,R (2706)-Svidler,P (2759) Almaty 2016}) 9... Bb7 10. Re1 {LiveBook: 6 Games} f5 $146 ({Find the theoretical novelty and annotate with similar games:} 10... Nge7 11. h4 h6 12. h5 Nc8 13. Bf4 Nb6 14. a4 b4 15. Ne4 Nd5 16. Bg3 Be7 {1-0 (50) Simacek,P (2480)-Mahjoob,M (2419) Marianske Lazne 2006}) 11. a4 (11. exf6 $14 Nxf6 12. a4) 11... b4 $11 12. Nb1 Bc5 13. Nbd2 Na5 14. Ng5 {[%cal Bf3g5,Bg5h3,Bh3f4,Bf4g6][%mdl 32]} Be7 ({Better is} 14... Qa7 $11 15. Qh5+ g6) 15. Nb3 $36 {[%mdl 2048] Black is under strong pressure.} Nxb3 16. cxb3 Qd8 17. Nh3 Qa5 18. Bc4 Bf8 {[#]} (18... Qc5 $16 {was called for.} 19. Be3 Qc6) 19. Bg5 $1 $18 Ne7 (19... Be7 $142 20. Qd2 Qc7) 20. Nf4 g6 21. Qd2 Bc6 $2 (21... Nd5 22. Rad1 Rc8 23. Nxd5 (23. Bxd5 Bxd5 24. Nxd5 Qxd5 $18) 23... Bxd5 24. Bxd5 Qxd5 25. Qxd5 exd5) 22. Rac1 {White is clearly winning.} Qb6 23. Red1 h6 24. Bxe7 Bxe7 25. Nxg6 Bg5 (25... Rh7 $142 26. Nxe7 Rxe7 27. Qxh6 O-O-O) 26. Qd6 {Bxe6 is the strong threat.} Rg8 {[#]} 27. Bxe6 $1 {[%mdl 512] Rxc6 would kill now.} Rxg6 {[#]} (27... dxe6 28. Qxe6+) 28. Rxc6 $1 {[%mdl 512]} Qxc6 29. Bxd7+ Kd8 30. Bxc6+ {Precision: White = 67%, Black = 27%.} 1-0

[Event "US-ch Women 2018"]
[Site "Saint Louis"]
[Date "2018.04.21"]
[Round "4"]
[White "Paikidze, Nazi"]
[Black "Sharevich, Anna"]
[Result "1-0"]
[WhiteElo "2352"]
[BlackElo "2281"]
[Annotator "TA"]
[PlyCount "53"]
[EventDate "2018.??.??"]
[EventType "tourn"]
[EventCountry "USA"]
[SourceTitle "playchess.com"]
[Source "ChessBase"]
[SourceQuality "1"]

{[%evp 10,53,58,8,62,0,21,-3,57,14,83,0,7,0,2,13,-2,0,0,-5,22,43,26,26,40,24,43,8,19,0,196,177,168,170,133,39,47,33,41,83,616,607,29983,29984,29995,29996]} 1. e4 c6 2. Nc3 d5 3. Nf3 Bg4 4. h3 Bxf3 5. Qxf3 d4 6. Ne2 {LiveBook: 4 Games} e6 {B11: Caro-Kann: Two Knights Variation} (6... e5 $11) 7. d3 (7. Qb3 $14) 7... Nf6 (7... Qb6 8. a3 Nd7 9. Ng1 Bd6 10. Qe2 Ne7 11. Nf3 c5 12. g3 Nc6 13. Bg2 O-O 14. O-O Qc7 15. Bd2 Rfe8 16. b4 a6 17. Rfb1 Red8 18. bxc5 Nxc5 19. e5 Bxe5 {½-½ (19) Pfretzschner,R (2546)-Brodda,W (2592) ICCF email 2011}) 8. g4 Na6 $146 (8... Qb6 $11) ({Predecessor:} 8... Nbd7 9. g5 Ng8 10. Bg2 Bb4+ 11. Kf1 Qb6 12. h4 Qc5 13. a3 Qxc2 14. Nxd4 Qa4 15. b3 {1-0 (48) Apaydin,F (2200)-Uzuner,T (2166) Safranbolu 2009}) 9. Bg2 Qa5+ (9... Nb4 $11 10. Kd1 c5) 10. c3 ({White should try} 10. Bd2 $16 Qb6 11. Rb1) 10... Rd8 11. O-O dxc3 12. bxc3 Nc5 13. d4 Ncxe4 14. c4 Nd2 (14... Be7 {looks sharper.} 15. Qd3 Nd6 16. c5 Nc8 17. Rb1 Rd7) 15. Bxd2 $1 Qxd2 16. Rfd1 Qg5 17. Qb3 Rd7 18. d5 $1 {[%cal Rd5c6]} cxd5 19. cxd5 e5 $2 ({Don't play} 19... exd5 20. Rac1 $16) (19... Nxd5 $11 20. Bxd5 exd5) 20. Rac1 $18 {[%mdl 1024] White has strong compensation.} Be7 21. Rc8+ Bd8 {[#]} 22. Qa3 (22. Qb4 $1 $16) 22... h5 $14 23. f4 $1 $36 {[%cal Rf4g5][%mdl 2048] Black is under pressure.} exf4 24. Nd4 {Intending Re1+ and mate.} Qe5 $2 {[%mdl 8192]} (24... Ng8 $16) 25. Nf5 $18 {[%cal Rf5g7]} Nxd5 26. Bxd5 Rxd5 27. Qa4+ {Precision: White = 47%, Black = 18%.} 1-0

[Event "US-ch Women 2018"]
[Site "Saint Louis"]
[Date "2018.04.21"]
[Round "4"]
[White "Wang, Annie"]
[Black "Yu, Jennifer"]
[Result "1-0"]
[WhiteElo "2321"]
[BlackElo "2367"]
[Annotator "TA"]
[PlyCount "213"]
[EventDate "2018.??.??"]
[EventType "tourn"]
[EventCountry "USA"]
[SourceTitle "playchess.com"]
[Source "ChessBase"]
[SourceQuality "1"]

{[%evp 27,213,31,26,18,58,13,50,12,115,118,103,111,97,81,81,55,60,57,100,66,68,32,37,34,33,33,48,57,50,52,73,76,56,58,118,113,114,100,122,98,259,212,186,178,258,233,281,208,200,92,171,160,176,170,167,16,70,89,81,139,118,37,45,46,53,56,60,59,84,0,58,-17,-28,-107,-130,-141,-87,-83,89,89,89,89,127,127,127,127,127,120,120,8,8,8,8,0,8,0,0,0,0,0,0,0,0,0,0,0,0,0,0,0,0,0,0,0,0,0,108,108,108,108,108,108,108,108,108,108,108,108,108,108,108,108,108,0,0,0,108,108,108,108,127,108,545,397,207,182,568,226,744,725,608,572,744,744,744,737,715,652,29976,29977,29977,29978,29978,29978,29978,29979,29979,29974,29983,29984,29984,29985,29985,29986,29986,29987,29987,29988,29988,29988,29988,29988,29995,29996,29996,29997,29997,29998]} 1. d4 {[%cal Bd2d4,Bd4e5][%mdl 32]} Nf6 2. c4 e5 3. dxe5 Ng4 4. Bf4 Nc6 5. Nf3 Bb4+ 6. Nbd2 Qe7 7. e3 Ngxe5 8. Nxe5 Nxe5 9. Be2 O-O 10. a3 Bxd2+ 11. Qxd2 d6 12. O-O b6 13. b4 Bb7 14. Rac1 {A52: Budapest Gambit} (14. Rfc1 Nd7 15. Qb2 Rab8 16. Qc3 f5 17. h3 g5 18. Bh2 Rf6 19. Rab1 Be4 20. Bd3 Rbf8 21. Re1 g4 {0-1 (31) Hilby,C (2419)-Jacobson,B (2329) Charlotte 2018}) 14... Nd7 {LiveBook: 5 Games} 15. Rfd1 f5 16. h3 {White is slightly better.} Rae8 $146 ({Predecessor:} 16... a5 17. Qb2 axb4 18. axb4 g5 19. c5 gxf4 20. Bc4+ Rf7 21. c6 Bxc6 22. Bxf7+ Qxf7 23. Rxc6 {1-0 (30) Stelzer,H-Pirrot,D Germany 1987}) 17. Qd4 Qf6 (17... Kh8 $11) 18. Qxf6 $16 Rxf6 19. c5 bxc5 20. Bb5 c6 21. Bc4+ d5 22. bxc5 Re4 23. Bd3 Ra4 24. Rc3 (24. Bd6 {is more complex.} Ba6 25. Bc2 Ra5 26. Bb3 Bb5 27. Rb1) 24... Ba6 25. Bxa6 Rxa6 26. Rb1 h6 27. Rb7 Rf7 28. Bd6 Nf6 29. Rb8+ Kh7 30. f3 g5 (30... Nh5 $14) 31. Rcb3 Kg6 32. Rd8 h5 33. Be5 f4 $2 (33... Re7 $16 34. Bb2 Re6) 34. exf4 gxf4 35. Bxf4 Kf5 (35... Ra4 {was called for.}) 36. Bd6 $18 h4 37. Rh8 Ra4 38. f4 (38. Re3 $18) 38... Rc4 (38... Ke4 $16 {keeps fighting.}) 39. Rxh4 Rc1+ 40. Kh2 Rc2 41. Rh8 $2 (41. Re3 $18 {Threatening mate with Re5+.} Ne4 42. Be5) 41... Rg7 (41... d4 $11) 42. Rg3 $14 Rxg3 43. Kxg3 $16 {[%mdl 4096] Endgame aiming for Rf8. KRB-KRN} Ne4+ 44. Kf3 (44. Kh2 $16) 44... Rc3+ 45. Ke2 {Threatens to win with g4+.} Ng3+ 46. Kf2 Rxa3 47. Rf8+ Ke4 48. Be5 (48. Re8+ $1 $16 Kd4 49. h4) 48... Nf5 ({Better is} 48... Nh5 $11) 49. Rb8 (49. Bb2 $14 Ra2 50. Re8+ Kd3 51. Rb8) 49... d4 $11 50. Rb2 (50. Re8 $11) 50... Ne3 $17 {White must now prevent ...Nd1+.} 51. Re2 Ra1 ({Black should play} 51... a5 $1 52. g4 a4) 52. Rd2 Ra4 $2 (52... Rd1 $1 $17 {[%cal Rd1d2] and life is bright.} 53. Rxd1 Nxd1+ 54. Ke2 Ne3) 53. Bxd4 $1 $16 Rxd4 {KRN-KR} 54. Re2 Rd3 {[#]} 55. f5 $1 {[%mdl 512]} Kxf5 {Strongly threatening ...Nc4.} 56. Rxe3 {KR-KR} Rd5 57. Rc3 a5 58. g4+ (58. Ke3 $1 $16) 58... Kf4 $1 $11 59. Rc4+ Kg5 60. Rc3 {Black should prevent Kg3.} Kh4 61. Ke2 a4 62. Kf2 Rd8 63. Ra3 Rd4 64. Rc3 Rd5 65. Ke2 Rd8 66. Rd3 Ra8 67. Ra3 Ra5 68. Kd2 {Threatening Kc3.} Rxc5 69. Kd3 Rb5 70. Kc4 Re5 71. Kb4 Rb5+ (71... Re4+ $1 $11 72. Kc5 Re8) 72. Kxa4 $16 Rb1 73. Rb3 Rc1 74. Re3 Rb1 75. Rc3 c5 {[%cal Bc6c5,Bc5c4][%mdl 32] [#]} 76. Rb3 $1 {[%cal Rb3b1]} ({Reject} 76. Rxc5 $6 Kxh3 77. Rg5 Rg1 $11) 76... Rc1 {[#]} 77. Kb5 $1 Kg5 78. Rf3 Kh4 79. Rd3 Rc2 80. Kc6 (80. Re3 $16) 80... c4 $11 81. Re3 {Kc5 is the strong threat.} Rf2 (81... Rd2 $11 {remains equal.}) 82. Kc5 $16 Rf4 83. Rc3 Re4 84. Kb4 ({Much worse is} 84. Rxc4 $6 Re3 $11) 84... Kg5 $2 {[%mdl 8192]} (84... Rd4 $16 {is tougher.} 85. Rxc4 Rd8) 85. Rxc4 $18 Re8 (85... Re3 $142 86. Rc5+ Kh6) 86. Rc5+ Kf4 $2 (86... Kf6 {is more resistant.} 87. h4 Rh8) 87. Rh5 $2 (87. Rf5+ Kg3 88. Rh5) 87... Rc8 $2 (87... Re4+ 88. Kc5 Re6) 88. g5 {[%cal Bg4g5,Bg5g6][%mdl 32]} Kf5 89. h4 {[%cal Bh3h4,Bh4h5][%mdl 32]} Rc1 90. Rh6 Rc8 91. g6 Kf6 92. h5 Kg7 93. Rh7+ {White mates.} Kg8 94. Rd7 Rc6 95. Kb5 Rf6 96. Kc4 Ra6 97. Kd5 Ra1 98. h6 {[%cal Rd7d8]} Rd1+ 99. Ke6 Re1+ 100. Kf5 Rf1+ 101. Ke4 Re1+ 102. Kf3 Re8 103. Kg4 Ra8 104. Kf5 Rf8+ 105. Kg5 Ra8 106. h7+ Kh8 107. Kh6 {Precision: White = 61%, Black = 42%.} 1-0

[Event "US-ch Women 2018"]
[Site "Saint Louis"]
[Date "2018.04.21"]
[Round "4"]
[White "Foisor, Sabina-Francesca"]
[Black "Gorti, Akshita"]
[Result "1-0"]
[WhiteElo "2308"]
[BlackElo "2252"]
[Annotator "TA"]
[PlyCount "65"]
[EventDate "2018.??.??"]
[EventType "tourn"]
[EventCountry "USA"]
[SourceTitle "playchess.com"]
[Source "ChessBase"]
[SourceQuality "1"]

{[%evp 14,65,31,22,22,27,29,11,27,-25,-10,-18,-16,-13,7,0,8,8,15,0,41,64,41,42,48,38,36,46,21,22,88,-15,-10,-10,-20,-32,-19,-28,-27,-39,-28,-26,0,-50,-29,-64,-89,-170,252,240,29995,29996,29996,29997]} 1. d4 e6 2. c4 d5 3. Nc3 a6 4. cxd5 exd5 5. Bf4 Nf6 6. e3 {D31: Queen's Gambit Declined: Semi-Slav without ...Nf6 (+ Marshall Gambit and Noteboom) and Exchange Variation lines without ...Nf6} Bd6 7. Bg5 Be6 8. Bd3 {LiveBook: 14 Games. White is slightly better.} O-O (8... h6 9. Bh4 Nbd7 10. Nge2 Qe7 11. h3 c6 12. Qc2 Rc8 {1-0 (34) Wojtaszek,R (2737)-Lupulescu,C (2620) Germany 2018}) 9. Nge2 $146 {[%cal Bg1e2,Be2g3,Bg3h5][%mdl 32]} ({Predecessor:} 9. Nf3 Nbd7 10. O-O c6 11. Qb1 Qc7 12. Bh4 Bg4 {0-1 (37) Slugin,S (2358)-Timofeev,A (2579) Taganrog 2017}) 9... Re8 10. h3 Nbd7 11. f4 ({Better is} 11. Rc1) 11... Nb6 12. O-O h6 13. Bh4 c5 14. Ng3 Rc8 15. Qf3 Be7 16. Rae1 Qc7 17. Bxf6 Bxf6 18. Nh5 Qe7 19. f5 Bd7 20. Nxd5 Nxd5 21. Qxd5 Red8 (21... Bb5 $11 {remains equal.} 22. Nxf6+ Qxf6 23. Bxb5 (23. dxc5 $2 Red8 $19) 23... axb5) 22. Qf3 ({White should play} 22. Nxf6+ $16 Qxf6 23. Qxb7) 22... cxd4 $11 23. e4 Rc5 24. Qg3 {And now e5! would win.} Re5 25. Rf4 Kh8 26. Ref1 Rg8 27. Rg4 Bc6 28. Qf4 Bg5 29. Rxg5 hxg5 30. Qg4 {[#]} (30. Qg3 $17) 30... f6 $4 {[%mdl 8192] [#]} ({Don't do} 30... Bxe4 31. Ng3 $15) (30... g6 $1 $19 {[%cal Rc6e4]} 31. Ng3 Bb5) 31. Nf4 $1 $18 {[%cal Rg4h5][%mdl 512]} Be8 $2 (31... g6 $18 32. Nxg6+ Rxg6 33. fxg6 Qg7) (31... gxf4 32. Qh5#) 32. Ng6+ Bxg6 33. fxg6 {Precision: White = 36%, Black = 40%.} 1-0

[Event "US-ch Women 2018"]
[Site "Saint Louis"]
[Date "2018.04.21"]
[Round "4"]
[White "Feng, Maggie"]
[Black "Krush, Irina"]
[Result "0-1"]
[WhiteElo "2243"]
[BlackElo "2422"]
[Annotator "TA"]
[PlyCount "108"]
[EventDate "2018.??.??"]
[EventType "tourn"]
[EventCountry "USA"]
[SourceTitle "playchess.com"]
[Source "ChessBase"]
[SourceQuality "1"]

{[%evp 11,107,14,29,15,18,14,48,39,50,38,31,25,22,13,15,20,14,14,31,22,47,10,46,29,35,38,53,38,88,104,58,44,79,0,0,0,0,0,0,0,0,0,0,-13,-13,-16,-16,-27,-27,-20,-20,-20,-20,-25,-21,-27,-27,-23,-12,-28,-25,-37,-37,-37,-37,-37,-37,-37,-10,-21,-22,-107,-102,-108,-111,-235,-135,-783,-780,-686,-646,-936,-882,-29989,-29990,-29990,-29991,-29991,-29992,-29993,-29994,-29996,-29997,-29997,-29998,-29998,-29999,-29999]} 1. Nf3 c5 2. e4 d6 3. Bb5+ Nd7 4. a4 Ngf6 5. Nc3 e6 (5... a6 6. Be2 b6 7. O-O Bb7 8. Re1 g6 9. d4 cxd4 10. Nxd4 Bg7 11. Bg5 h6 12. Bh4 O-O 13. Bc4 {1-0 (36) Jones,G (2651)-Inarkiev,E (2684) Batumi 2018}) 6. O-O {B51: Sicilian: Moscow Variation (3 Bb5+) without 3...Bd7} Be7 {LiveBook: 3 Games} 7. a5 O-O 8. Re1 $146 {The position is equal.} ({Predecessor:} 8. a6 bxa6 9. Bxa6 Bxa6 10. Rxa6 c4 11. Ra1 d5 12. exd5 exd5 13. d3 cxd3 14. Qxd3 {½-½ (28) Hansen,S (2580)-Aagaard,J (2488) Denmark 2018}) 8... Ng4 9. d4 cxd4 10. Nxd4 Nge5 11. f4 a6 12. Bf1 Nc6 13. Nb3 b6 14. axb6 Nxb6 15. Be3 Bb7 16. Na4 Nd7 17. Qd2 Qc7 18. Qf2 Bf6 19. Nb6 Rab8 20. Nxd7 Qxd7 21. c3 Ba8 22. Nd4 (22. e5 $16 dxe5 23. Nc5) 22... Nxd4 $11 23. Bxd4 Bxd4 24. cxd4 Bb7 25. Bxa6 Bxa6 26. Rxa6 d5 27. exd5 Qxd5 28. Raa1 Rb4 29. Red1 Rfb8 30. Rd2 g6 31. h3 R8b5 32. Rc1 Qb7 {[%cal Rb4b2]} 33. Rcc2 h5 34. Kh2 Kg7 35. Kg1 Qe4 36. Rc1 Rf5 {[%mdl 1024] Black has compensation.} 37. Rf1 Qb7 38. Re1 Rfb5 {[%cal Rb4b2]} 39. Ree2 Ra4 40. Re5 Rbb4 41. f5 (41. Kh2 $11 {keeps the balance.}) 41... exf5 $17 42. d5 Rf4 43. Qe3 (43. Qe1 $17) 43... h4 (43... Ra1+ $1 $19 44. Kh2 Rff1) 44. Re8 $2 {[%mdl 8192] [#]} (44. g3 $17 Ra1+ 45. Kg2) 44... Ra1+ $1 $19 45. Kh2 {[#]} Rff1 $1 {[%csl Ga1][%cal Rf1h1]} 46. Qd4+ f6 {[%csl Ga1][%cal Rf1h1]} 47. g4 Qc7+ {Black mates.} 48. d6 Rh1+ 49. Kg2 Qc6+ 50. Qd5 Qxe8 51. d7 Rag1+ 52. Kf2 Qe1+ 53. Kf3 Rg3+ 54. Kf4 Qe3# {Precision: White = 38%, Black = 72%.} 0-1